000 01352cam a2200313 4500
001 ##L133006
008 060403n2006 000 0 eng u
020 _a0110740777
035 _a(Sirsi) u133006
041 0 _aeng
245 0 4 _aThe Housing (Interim Management Orders) (Prescribed Circumstances) (England) Order 2006
260 _aLondon
_bTSO
_c2006
490 0 _aSI
_v2006: 369
520 _aPrescribes the category of circumstances that need to be satisfied before a residential property tribunal can authorise a local housing authority to make an interim management order in respect of a house to which the Housing Act 2004 s103 applies
650 2 4 _aHOUSING (INTERIM MANAGEMENT ORDERS) (PRESCRIBED CIRCUMSTANCES) (ENGLAND ) ORDER 2006
650 2 4 _aHOUSING ACT 2004 SS 254-259
650 2 4 _aHOUSING ACT 2004
650 2 4 _aHOUSING ACT 2004 S79(3)
650 2 4 _aHOUSING ACT 2004 S102
650 2 4 _aHOUSING ACT 2004 S79(4)
650 2 4 _aHOUSING ACT 2004 S103
650 2 4 _aHOUSING ACT 2004 S103(1)
650 2 4 _aHOUSING ACT 2004 S103(2)
650 2 4 _aHOUSING ACT 2004 S103(3)
650 2 4 _aHOUSING ACT 2004 S103(4)
690 _aPROPERTY-RESIDENTIAL PROPERTY-RESIDENTIAL PROPERTY MANAGEMENT
856 4 0 _uhttps://www.opsi.gov.uk/si/si2006/20060369.htm
_zView the Order free of charge at www.opsi.gov.uk...
942 _n0
999 _c105308
_d105308